000 00363nam a2200157Ia 4500
008 230711s9999||||xx |||||||||||||| ||und||
020 _a81-291-0914-x
041 _aENG
082 _a800
_bDA-D
100 _aDas,Sitanshu
245 0 _aSubhas a political biography
260 _c2011
_aNew Delhi
_bRupa.Co
300 _a634
650 _aLiterature
942 _cBK
999 _c5278
_d5278